000
00403nam a2200145Ia 4500
008
100204s9999 xx 000 0 und d
082
_b
18608
100
_a
दिघे प्रभाकर
245
_a
तिमिर
260
_b
"सुयोग प्रकाशन , पुणे"
_c
1995
300
_a
186
630
_a
तिमिर
730
_a
तिमिर
942
_c
BOOK
999
_c
463031
_d
463028